000 00498nam a22001217a 4500
020 _a978-94-043-2194-0
082 _a336.2900678
100 _aZahor, Talib S.
245 _aThe Legal Position of Taxpayers in Tanzania:
_bA Comperative Study of the Tax System of Tanzania and the United Kingdom on the Promotion of Taxpayers Rights Especially with Respect to Legal Persons Subjected to Corporate Income Tax
260 _aDar es salaam:
_bTaxpayers
_c2019
300 _a411p.: ill.; 24cm
942 _cBK
999 _c22158
_d22158